00809nas a2200217Ia 4500001001100000003000900011008004100020040001300061040001300074041001300087100004300100210002500143222002500168245012500193250001100318260004400329501008600373300001500459500008100474650003600555R406/38362IT-RoPAU151124c99999999xx |||||||||||| ||und|| aIT-RoPAU cIT-RoPAU aITALIANO aRazzi FaustogCodice Aut. SPICS: 7356 aINFORMATICA MUSICALE aInformatica Musicale aQUADERNI DI INFORMATICA MUSICALE (S: SON. COMP. E. VARESE)bProgetto Per la Costituzione di un Centro di Informatica Mus a1a ed. aPESCARAbSTUDIO DI SONOLOGIA COMP. E.V. bPaulus - SPICS - Società San Paolo EM (non-commercial uses only)cCopyright2015 a6 p. [4-9] aMusicale da Localizzare Nell'Area di Napoli Sezione-Didattica Sezione-Musica aMUSICAvPUBBLICAZIONE PERIODICA